Statistics for The Hobbit Book Characters

Click here to take the quiz!

General Stats

  • This quiz has been taken 765 times
  • The average score is 24 of 30

Answer Stats

HintAnswer% Correct
1The HobbitBilbo Baggins
100%
2....The Grey (Wizard)Gandalf
100%
5Leader of the DwarvesThorin oakenshield
99%
8Brother to #16, wore a blue hood and grew a yellow beardFili
95%
16Brother to #8, wore a blue hood and grew a yellow beardKili
95%
18Master of RivendellElrond
93%
27The Great DragonSmaug
93%
3.....The Brown (Wizard)Radagast
92%
6Older Brother to #10, he wore a red hoodBalin
90%
17Brother to #14, wore a brown hoodGloin
90%
13Brother to #15 and Cousin to #11, wore a pale green hoodBombur
89%
25A creature, formily a hobbit, living deep under the Mist Mountains.Gollum
89%
15Brother to #13 and Cousin to #11, wore a yellow hood and played clarinetBofur
88%
10Younger Brother to #6, wore a dark green hood and a golden belt and had a blue beardDwalin
88%
14Brother to #17, wore a brown hoodOin
88%
20Archer of Lake Town who slew SmaugBard
86%
11Brother to #13 and Cousin to #15, wore a yellow hood and played clarinetBifur
86%
7Brother to #9 and #12, wore a purple hood and was charged with carrying #1 in the goblin tunnelsDori
85%
9Brother to #7 and #12, wore a purple hoodNori
85%
12Brother to #9 and #7, wore a grey hoodOri
85%
26A being of evil said to be residing in Dol GuldurThe Necromancer
79%
19King of the Elves of Eastern MirkwoodThranduil
73%
4Cousin to #5Dain
61%
22One of the three Trolls who captured the CompanyTom
59%
29Whose Kingdom lay under the Misty Mountains, they captured the companyThe Great Goblin
55%
24One of the three Trolls who captured the CompanyWilliam
49%
23One of the three Trolls who captured the CompanyBert
47%
21Master of CarrockBeorn
44%
30Sucsessor of #29, led an army of goblins in the battle of five armiesBolg
40%
28The Lord of the Eagles alternative nameThe Great Eagle
37%

Score Distribution

Percentile by Number Answered

Percent of People with Each Score

Your Score History

You have not taken this quiz